000 01053nam2a22002531 4500
001 v19\rc\1605470
005 20250618222448.0
035 _a(NLR Aleph) 004727048
090 _a4411957
_c4411957
100 _a20061002d1896 |||y0rusy50 ca
101 0 _arus
102 _aRU
105 _ay z |||||
200 0 _a... 1896
_e[Год 1-й]
210 _d1896
_aБ. м.
215 _aVIII, 297 с.
461 0 _1001v19\rc\1605469
_12001#$aКалендарь для электротехников$fСост. О.Э. Страус в Киеве...$v... 1896
_1700#1$aСтраус$bО.Э.$f1856-$gОскар Эмильевич$4220
_94411947
_aСтраус, О.Э. (1856-)
_cСанкт-Петербург
_d1896-1914
_fСост. О.Э. Страус в Киеве...
_nК.Л. Риккер
_tКалендарь для электротехников
_v... 1896
801 0 _aRU
_bNLR
_gpsbo
801 0 _aRU
_bRuMoRGB
_2psbo
801 1 _aRU
_bProSoft-M
_2rusmarc
852 _aNLR
_j18.275.7.22(1)
899 _aRuMoRGB (1896-1914*)
_jA 234/1412
942 _cBOOK
980 _aNB